[Event "First Saturday FM B 09 2012"]
[Site "Budapest"]
[Date "2012.09.01"]
[Round "1.1"]
[White "Lukacs, Albert"]
[Black "Szabo, Miklos"]
[Result "1-0"]
[WhiteElo "1846"]
[BlackElo "1340"]
[PlyCount "47"]
[EventDate "2012.09.01"]

1. e4 c5 2. Nf3 g6 3. Bc4 Bg7 4. O-O d6 5. Re1 Nf6 6. c3 O-O 7. d4 Qc7 8. Nbd2
Nc6 9. h3 Rb8 10. dxc5 dxc5 11. Qe2 e5 12. Nb3 b6 13. Bg5 Be6 14. Bxe6 fxe6 15.
Qc4 Qc8 16. Rad1 Na5 17. Nxa5 bxa5 18. Rd2 Nh5 19. Red1 Nf4 20. Rd7 Nxh3+ 21.
gxh3 Qxd7 22. Rxd7 Rxf3 23. Qxe6+ Kh8 24. Qe7 1-0

[Event "First Saturday FM B 09 2012"]
[Site "Budapest"]
[Date "2012.09.01"]
[Round "1.3"]
[White "Nemeth, Otto"]
[Black "Barla, Janos"]
[Result "0-1"]
[WhiteElo "1824"]
[BlackElo "1774"]
[PlyCount "74"]
[EventDate "2012.09.01"]

1. e4 d6 2. d4 Nf6 3. Bd3 Nbd7 4. Nc3 c6 5. Nf3 e6 6. h4 a5 7. a4 Be7 8. Qe2 e5
9. dxe5 dxe5 10. Bc4 h6 11. Nh2 Nc5 12. f3 Be6 13. Be3 Bxc4 14. Qxc4 Ne6 15.
Rd1 Qc7 16. g4 Nd4 17. Bxd4 exd4 18. Qxd4 Rd8 19. Qf2 Rxd1+ 20. Nxd1 Bd6 21.
Nf1 b5 22. axb5 cxb5 23. Nde3 g6 24. Qe2 Kf8 25. Qxb5 Kg7 26. Qe2 Rb8 27. b3 a4
28. Qc4 Qa5+ 29. Kf2 axb3 30. cxb3 Qa2+ 31. Qc2 Qa7 32. Kg2 Bf4 33. Qc3 Qa2+
34. Kh3 Rxb3 35. Qd4 Qe2 36. Nd2 Bxe3 37. Qd5 Nxd5 0-1

[Event "First Saturday FM B 09 2012"]
[Site "Budapest"]
[Date "2012.09.01"]
[Round "1.4"]
[White "Mayer, Istvan"]
[Black "Csiba, Tibor"]
[Result "1-0"]
[WhiteElo "2072"]
[BlackElo "1536"]
[PlyCount "59"]
[EventDate "2012.09.01"]

1. e4 c5 2. Nf3 e6 3. d4 cxd4 4. Nxd4 a6 5. Be3 Qc7 6. c3 Nf6 7. Nd2 b5 8. a4
bxa4 9. Rxa4 Qb7 10. Rb4 Bxb4 11. cxb4 Qxb4 12. Bd3 O-O 13. O-O Bb7 14. N4b3
Qe7 15. e5 Ne8 16. Ne4 Bxe4 17. Bxe4 Nc6 18. Bc5 Qd8 19. Bxf8 Kxf8 20. Nc5 Qc7
21. Nxd7+ Ke7 22. Qa4 Rc8 23. Qa3+ Kd8 24. Nc5 Qxe5 25. Rd1+ Nd6 26. Rxd6+ Qxd6
27. Nb7+ Kc7 28. Qxd6+ Kxb7 29. Qd7+ Kb8 30. Bxc6 1-0

[Event "First Saturday FM B 09 2012"]
[Site "Budapest"]
[Date "2012.09.01"]
[Round "1.5"]
[White "Gruz, Janos"]
[Black "Benyoussef, Salem"]
[Result "1/2-1/2"]
[WhiteElo "1820"]
[BlackElo "1661"]
[PlyCount "60"]
[EventDate "2012.09.01"]

1. d4 d5 2. c4 c6 3. Nf3 Nf6 4. Nc3 dxc4 5. a4 Bf5 6. e3 e6 7. Bxc4 Nbd7 8. O-O
Bd6 9. a5 O-O 10. Qe2 Ne4 11. Nxe4 Bxe4 12. Nd2 Bd5 13. e4 Bxc4 14. Nxc4 Bc7
15. b3 Qh4 16. g3 Qh3 17. Ba3 Rfe8 18. Rfd1 Rac8 19. Qf1 Qxf1+ 20. Kxf1 f6 21.
f3 Kf7 22. Ke2 Red8 23. Nd6+ Bxd6 24. Bxd6 g5 25. b4 h5 26. a6 b6 27. h4 gxh4
28. gxh4 e5 29. d5 cxd5 30. Rxd5 Nf8 1/2-1/2

[Event "First Saturday FM B 09 2012"]
[Site "Budapest"]
[Date "2012.09.02"]
[Round "2.2"]
[White "Csiba, Tibor"]
[Black "Gruz, Janos"]
[Result "1/2-1/2"]
[WhiteElo "1536"]
[BlackElo "1820"]
[PlyCount "31"]
[EventDate "2012.09.01"]

1. d4 e6 2. c4 f5 3. Nf3 Nf6 4. g3 d5 5. Bg2 c6 6. O-O Be7 7. Nbd2 O-O 8. Ne5
Nbd7 9. Ndf3 Qe8 10. cxd5 exd5 11. Bg5 Nxe5 12. Nxe5 Ne4 13. Bxe7 Qxe7 14. e3
Be6 15. f3 Nf6 16. Rc1 1/2-1/2

[Event "First Saturday FM B 09 2012"]
[Site "Budapest"]
[Date "2012.09.02"]
[Round "2.3"]
[White "Barla, Janos"]
[Black "Mayer, Istvan"]
[Result "1-0"]
[WhiteElo "1774"]
[BlackElo "2072"]
[PlyCount "77"]
[EventDate "2012.09.01"]

1. e4 e6 2. f4 d5 3. e5 c5 4. Nf3 Nc6 5. c3 Nge7 6. Be2 Nf5 7. d3 h5 8. a4 Bd7
9. Na3 a6 10. Nc2 Qb6 11. Ng5 Be7 12. O-O Bxg5 13. fxg5 Nxe5 14. a5 Qa7 15. Kh1
O-O-O 16. Qe1 f6 17. d4 Nc6 18. dxc5 Qxc5 19. b4 Qa7 20. b5 axb5 21. Bxb5 h4
22. Rxf5 exf5 23. Be3 Qb8 24. a6 Rde8 25. axb7+ Kc7 26. Bxc6 Bxc6 27. Bf4+ Kd7
28. Qf2 Re5 29. gxf6 gxf6 30. h3 Qd6 31. Nd4 Bxb7 32. Nf3 Ke6 33. Nxh4 Kf7 34.
Nf3 Qe7 35. Nd4 Re4 36. Nxf5 Re2 37. Qg3 Rxg2 38. Kxg2 d4+ 39. Kf2 1-0

[Event "First Saturday FM B 09 2012"]
[Site "Budapest"]
[Date "2012.09.02"]
[Round "2.4"]
[White "Korondi, Marton"]
[Black "Nemeth, Otto"]
[Result "0-1"]
[WhiteElo "1549"]
[BlackElo "1824"]
[PlyCount "88"]
[EventDate "2012.09.01"]

1. e4 e5 2. Nc3 Nf6 3. f4 Nc6 4. fxe5 Nxe5 5. d4 Nc6 6. e5 Ng8 7. Nf3 d6 8. Bc4
h6 9. O-O f6 10. e6 Nge7 11. d5 Na5 12. Bd3 c6 13. b4 Qb6+ 14. Kh1 Qxb4 15. Bd2
Qc5 16. dxc6 bxc6 17. Ne4 Qa3 18. Bxa5 d5 19. Bc7 dxe4 20. Bxe4 Bxe6 21. Re1
Kf7 22. Nh4 f5 23. Rf1 g6 24. g4 Qb4 25. Qf3 Qxe4 26. Qxe4 Bd5 27. Qxd5+ Nxd5
28. Be5 Bg7 29. Bxg7 Kxg7 30. gxf5 g5 31. Ng2 Rhe8 32. Rae1 Rxe1 33. Rxe1 Rb8
34. c4 Nf6 35. Kg1 Kf7 36. Kf2 Rb2+ 37. Kf3 Rxa2 38. Re6 Ra6 39. Ne3 h5 40. Nd5
Ra3+ 41. Ne3 Ng4 42. c5 Nxe3 43. Rxe3 Rxe3+ 44. Kxe3 Kf6 0-1

[Event "First Saturday FM B 09 2012"]
[Site "Budapest"]
[Date "2012.09.02"]
[Round "2.5"]
[White "Lukacs, Albert"]
[Black "Mihajlova, Diana"]
[Result "1-0"]
[WhiteElo "1846"]
[BlackElo "1456"]
[PlyCount "57"]
[EventDate "2012.09.01"]

1. e4 d5 2. exd5 Nf6 3. d4 Qxd5 4. c4 Qd6 5. Be2 Nc6 6. Nf3 Bg4 7. c5 Qe6 8.
Be3 Bxf3 9. Bxf3 Nd5 10. Qd2 O-O-O 11. O-O h5 12. Nc3 Nxe3 13. fxe3 Ne5 14. Be4
g6 15. Qe2 f5 16. Bd5 Rxd5 17. Nxd5 Ng4 18. e4 g5 19. Rxf5 c6 20. Nc3 Bg7 21.
Rd1 Qg6 22. d5 Be5 23. h3 Bxc3 24. bxc3 Nh6 25. Re5 Qf6 26. Re6 Qxc3 27. Qf2
cxd5 28. Rxh6 dxe4 29. Qf5+ 1-0

[Event "First Saturday FM B 09 2012"]
[Site "Budapest"]
[Date "2012.09.03"]
[Round "3.1"]
[White "Mihajlova, Diana"]
[Black "Szabo, Miklos"]
[Result "1-0"]
[WhiteElo "1456"]
[BlackElo "1340"]
[PlyCount "63"]
[EventDate "2012.09.01"]

1. e4 e5 2. Nf3 Nc6 3. Bc4 Nf6 4. d3 Bc5 5. O-O O-O 6. Bg5 Re8 7. Nc3 Nd4 8.
Nd5 c6 9. Nxf6+ gxf6 10. Bh6 d5 11. Nxd4 exd4 12. exd5 cxd5 13. Bb5 Re5 14. Qf3
Kh8 15. Rae1 Be6 16. Rxe5 fxe5 17. Qg3 Qf6 18. Bg5 Qg7 19. Qh4 Kg8 20. Bf6 Qg6
21. Bxe5 a6 22. Ba4 b5 23. Bb3 Rc8 24. f4 Bg4 25. h3 Be2 26. f5 Qh5 27. Qf6 Kf8
28. Rf4 Ke8 29. Bxd5 Be7 30. Bc6+ Rxc6 31. Qxc6+ Kd8 32. Rxd4+ 1-0

[Event "First Saturday FM B 09 2012"]
[Site "Budapest"]
[Date "2012.09.03"]
[Round "3.2"]
[White "Nemeth, Otto"]
[Black "Lukacs, Albert"]
[Result "0-1"]
[WhiteElo "1824"]
[BlackElo "1846"]
[PlyCount "76"]
[EventDate "2012.09.01"]

1. e4 c5 2. Nc3 e6 3. Nf3 Nc6 4. Be2 a6 5. a4 Nd4 6. O-O Qc7 7. d3 Bd6 8. g3
Ne7 9. Be3 Nec6 10. Kg2 b6 11. Ng1 Bb7 12. f4 O-O-O 13. Bf3 Be7 14. Nce2 Nxf3
15. Nxf3 d5 16. e5 d4 17. Bd2 g5 18. Kf2 g4 19. Ne1 h5 20. Ng1 h4 21. Ng2 hxg3+
22. hxg3 Rh2 23. Qxg4 Nb4 24. Nf3 Rdh8 25. Rg1 Qc6 26. b3 Nxc2 27. Rac1 Ne3 28.
Bxe3 dxe3+ 29. Kxe3 Qd5 30. b4 Kd7 31. b5 axb5 32. axb5 Rg8 33. Qxg8 Qxf3+ 34.
Kd2 Qf2+ 35. Kc3 Bxg2 36. Qb8 Qd4+ 37. Kb3 Bd5+ 38. Rc4 Qxd3+ 0-1

[Event "First Saturday FM B 09 2012"]
[Site "Budapest"]
[Date "2012.09.03"]
[Round "3.3"]
[White "Mayer, Istvan"]
[Black "Korondi, Marton"]
[Result "1-0"]
[WhiteElo "2072"]
[BlackElo "1549"]
[PlyCount "51"]
[EventDate "2012.09.01"]

1. e4 c5 2. Nf3 e6 3. Nc3 a6 4. g3 Nc6 5. Bg2 Qc7 6. O-O Nf6 7. d4 cxd4 8. Nxd4
h5 9. Bg5 Qe5 10. Nf3 Qc7 11. Qd2 Ne5 12. Nxe5 Qxe5 13. Bf4 Qc5 14. a3 h4 15.
b4 Qb6 16. e5 Ng8 17. Be3 Qc7 18. Na4 hxg3 19. fxg3 Qxe5 20. Nb6 Rb8 21. Bf4
Qb5 22. Qf2 Nf6 23. Bxb8 Rxh2 24. Nxc8 Qh5 25. Bf3 Qh3 26. Qxh2 1-0

[Event "First Saturday FM B 09 2012"]
[Site "Budapest"]
[Date "2012.09.03"]
[Round "3.4"]
[White "Gruz, Janos"]
[Black "Barla, Janos"]
[Result "1-0"]
[WhiteElo "1820"]
[BlackElo "1774"]
[PlyCount "73"]
[EventDate "2012.09.01"]

1. Nf3 d6 2. e3 Nf6 3. Be2 e5 4. d3 Be7 5. c4 c6 6. Nc3 a5 7. O-O Na6 8. a3 O-O
9. Qc2 Bf5 10. Rd1 Qc8 11. b3 h6 12. Bb2 Nc7 13. Na4 Nd7 14. Rac1 Ne6 15. e4
Bh7 16. Nc3 Nf4 17. Bf1 f5 18. Ne2 Ne6 19. b4 Ng5 20. Nd2 f4 21. f3 Qe8 22. d4
Qg6 23. Kh1 axb4 24. axb4 h5 25. Ng1 h4 26. dxe5 Nxe5 27. Bxe5 dxe5 28. c5 Kh8
29. Nc4 Qf6 30. Nb6 h3 31. Nd7 Qh6 32. Nxe5 Bg8 33. Ng4 Qh5 34. gxh3 Ra2 35.
Qc3 Bh7 36. Rc2 Raa8 37. Rcd2 1-0

[Event "First Saturday FM B 09 2012"]
[Site "Budapest"]
[Date "2012.09.04"]
[Round "4.1"]
[White "Szabo, Miklos"]
[Black "Csiba, Tibor"]
[Result "1-0"]
[WhiteElo "1340"]
[BlackElo "1536"]
[PlyCount "46"]
[EventDate "2012.09.01"]

1. e4 c5 2. Nf3 e6 3. d4 cxd4 4. Nxd4 a6 5. c4 Qc7 6. Nc3 Nf6 7. Be2 b6 8. O-O
Bb7 9. Qc2 Be7 10. Be3 O-O 11. f4 d6 12. Nf3 Nbd7 13. b4 Rac8 14. Rac1 Rfe8 15.
a3 d5 16. cxd5 exd5 17. Bd3 dxe4 18. Nxe4 Qxc2 19. Nxf6+ Bxf6 20. Rxc2 Rxc2 21.
Rd1 Rc7 22. Bf2 b5 23. g4 Bxf3 1-0

[Event "First Saturday FM B 09 2012"]
[Site "Budapest"]
[Date "2012.09.04"]
[Round "4.2"]
[White "Barla, Janos"]
[Black "Benyoussef, Salem"]
[Result "0-1"]
[WhiteElo "1774"]
[BlackElo "1661"]
[PlyCount "98"]
[EventDate "2012.09.01"]

1. e4 d5 2. e5 e6 3. f4 c5 4. Nf3 Ne7 5. Be2 Ng6 6. d3 Be7 7. a4 a5 8. Na3 Bd7
9. c3 Qb6 10. O-O O-O 11. Kh1 Nc6 12. Qe1 f5 13. h4 Qd8 14. h5 Nh8 15. Nb5 Nf7
16. Bd2 b6 17. Qg3 Na7 18. Nxa7 Rxa7 19. Qh3 g5 20. hxg6 hxg6 21. Kg1 Kg7 22.
Kf2 Rh8 23. Qg3 d4 24. Rh1 Bc6 25. Ng5 Bxg5 26. fxg5 Ra8 27. Rxh8 Kxh8 28. c4
Kg7 29. b3 Qc7 30. Bf4 Rh8 31. Rg1 Bb7 32. Ke1 Qd7 33. Bd1 Qc8 34. Kd2 Rh7 35.
Qf2 Qh8 36. g4 Rh1 37. gxf5 gxf5 38. Be2 Kg6 39. Qg3 Rh3 40. Qf2 Nxe5 41. Kc2
Nd7 42. Bc7 e5 43. Rf1 f4 44. Kc1 Rg3 45. Rg1 Qh3 46. Re1 Rg2 47. Qf1 Qe3+ 48.
Kb1 Rf2 49. Bh5+ Kxh5 0-1

[Event "First Saturday FM B 09 2012"]
[Site "Budapest"]
[Date "2012.09.04"]
[Round "4.3"]
[White "Korondi, Marton"]
[Black "Gruz, Janos"]
[Result "0-1"]
[WhiteElo "1549"]
[BlackElo "1820"]
[PlyCount "54"]
[EventDate "2012.09.01"]

1. e4 d6 2. d4 c6 3. c4 Qc7 4. Nc3 e5 5. d5 Nf6 6. Nf3 Be7 7. Be2 O-O 8. O-O
Bg4 9. Ne1 Bxe2 10. Qxe2 Nbd7 11. Kh1 a6 12. Be3 cxd5 13. cxd5 Rac8 14. Rc1 Qa5
15. Nd3 b5 16. a3 Rc4 17. Bd2 Qb6 18. f4 Qb7 19. fxe5 dxe5 20. Rf5 Qb8 21. Nb4
Bxb4 22. axb4 Qd6 23. Qf3 Qxb4 24. Rb1 Qd6 25. Re1 b4 26. Na2 a5 27. Qg3 Nxe4
0-1

[Event "First Saturday FM B 09 2012"]
[Site "Budapest"]
[Date "2012.09.04"]
[Round "4.5"]
[White "Mihajlova, Diana"]
[Black "Nemeth, Otto"]
[Result "0-1"]
[WhiteElo "1456"]
[BlackElo "1824"]
[PlyCount "96"]
[EventDate "2012.09.01"]

1. e4 e5 2. Nf3 d6 3. Bc4 h6 4. d3 Nc6 5. Be3 Nf6 6. h3 Na5 7. Bb3 Nxb3 8. axb3
a6 9. Nbd2 Be7 10. c3 Bd7 11. d4 exd4 12. cxd4 Bb5 13. Qc2 Rc8 14. d5 O-O 15.
Nd4 Qd7 16. Nc4 c6 17. dxc6 Bxc6 18. f3 Bb5 19. Qe2 d5 20. Nxb5 Qxb5 21. exd5
Bb4+ 22. Kf2 Nxd5 23. Bd4 Bc5 24. Qe5 Bxd4+ 25. Qxd4 Nb4 26. Ra5 Qc6 27. Qd2 b6
28. Rh5 a5 29. Rd1 Qg6 30. Rb5 Rb8 31. Qe3 Rfe8 32. Qd4 Nc6 33. Qd6 Re6 34. Qg3
Re2+ 35. Kxe2 Qxg3 36. Ne3 f5 37. Kf1 Qh2 38. Kf2 Qc7 39. Nc4 Rd8 40. Rc1 Ne5
41. Ke2 Qd7 42. Rxb6 Qd3+ 43. Kf2 Qd4+ 44. Kg3 Nxc4 45. Rc6 Qe5+ 46. Kf2 Qe3+
47. Kg3 Qxc1 48. Rxc4 Qxb2 0-1

[Event "First Saturday FM B 09 2012"]
[Site "Budapest"]
[Date "2012.09.05"]
[Round "5.1"]
[White "Nemeth, Otto"]
[Black "Szabo, Miklos"]
[Result "1/2-1/2"]
[WhiteElo "1824"]
[BlackElo "1340"]
[PlyCount "92"]
[EventDate "2012.09.01"]

1. e4 c6 2. d4 d5 3. e5 Bf5 4. Nf3 e6 5. Be2 Nd7 6. O-O Qc7 7. Nc3 c5 8. Be3
O-O-O 9. Nb5 Qa5 10. dxc5 Bxc5 11. Bxc5 Nxc5 12. Nd6+ Rxd6 13. exd6 Ne4 14. c4
Nxd6 15. cxd5 exd5 16. Nd4 Bd7 17. Bg4 f5 18. Bf3 Nf6 19. Re1 Nfe4 20. h3 g5
21. g4 fxg4 22. Bxg4 Rf8 23. Bxd7+ Kxd7 24. Qg4+ Ke8 25. f3 Qd2 26. Rad1 Qf2+
27. Kh1 Qxd4 28. Qh5+ Kd8 29. Rxd4 Ng3+ 30. Kg2 Nxh5 31. h4 Nf4+ 32. Kf2 Nf5
33. Rd2 Nh3+ 34. Kg2 Nf4+ 35. Kf2 Nh3+ 36. Kg2 Nf4+ 37. Kh2 Nxh4 38. Kg3 h6 39.
Kg4 Nxf3 40. Kxf3 Nd3+ 41. Ke2 Nxe1 42. Rxd5+ Kc7 43. Kxe1 Kc6 44. Rd2 Rf7 45.
Re2 Kd7 46. Rd2+ Kc6 {After 14 move} 1/2-1/2

[Event "First Saturday FM B 09 2012"]
[Site "Budapest"]
[Date "2012.09.05"]
[Round "5.2"]
[White "Mayer, Istvan"]
[Black "Mihajlova, Diana"]
[Result "1-0"]
[WhiteElo "2072"]
[BlackElo "1456"]
[PlyCount "59"]
[EventDate "2012.09.01"]

1. e4 d5 2. exd5 Nf6 3. d4 Qxd5 4. Nf3 Nc6 5. Nc3 Qh5 6. Nb5 Kd8 7. c4 Bg4 8.
Be2 a6 9. Nc3 e6 10. h3 Bb4 11. O-O Bf5 12. Ne5 Qh4 13. Bg5 Qxd4 14. Nxc6+ bxc6
15. Qxd4+ Ke7 16. c5 Bxc3 17. Qxc3 h6 18. Bxf6+ gxf6 19. Qa5 Ra7 20. Bf3 Rg8
21. Bxc6 Bxh3 22. Rfd1 e5 23. Qa3 Bg4 24. Bf3 c6 25. Bxg4 Rxg4 26. Qf3 h5 27.
Qxc6 Rd4 28. Rxd4 exd4 29. Qd6+ Ke8 30. Re1+ 1-0

[Event "First Saturday FM B 09 2012"]
[Site "Budapest"]
[Date "2012.09.05"]
[Round "5.3"]
[White "Gruz, Janos"]
[Black "Lukacs, Albert"]
[Result "0-1"]
[WhiteElo "1820"]
[BlackElo "1846"]
[PlyCount "64"]
[EventDate "2012.09.01"]

1. Nf3 d5 2. e3 Bf5 3. b3 Nf6 4. Bb2 Nbd7 5. c4 c6 6. Be2 dxc4 7. Bxc4 Nb6 8.
Be2 e6 9. O-O Bd6 10. d3 Bc7 11. Na3 O-O 12. Rc1 Qe7 13. Nh4 Rad8 14. Nxf5 exf5
15. Qc2 Rfe8 16. Qc5 Bd6 17. Qa5 Nfd5 18. Nc2 Bc7 19. Qe1 Qd6 20. g3 Qg6 21.
Bf3 Nf4 22. Qc3 Nxd3 23. Rb1 Nxb2 24. Rxb2 f4 25. Rbb1 Rd3 26. Qb4 a5 27. Qxa5
Nd5 28. Qa7 fxg3 29. hxg3 Bxg3 30. fxg3 Qxg3+ 31. Bg2 Rd2 32. Ne1 Nxe3 0-1

[Event "First Saturday FM B 09 2012"]
[Site "Budapest"]
[Date "2012.09.05"]
[Round "5.4"]
[White "Benyoussef, Salem"]
[Black "Korondi, Marton"]
[Result "0-1"]
[WhiteElo "1661"]
[BlackElo "1549"]
[PlyCount "32"]
[EventDate "2012.09.01"]

1. d4 Nf6 2. c4 g6 3. Nf3 Bg7 4. Nc3 d5 5. e3 O-O 6. b3 Bf5 7. Bd3 Bxd3 8. Qxd3
dxc4 9. bxc4 e6 10. Ba3 Re8 11. Rb1 e5 12. Ne4 exd4 13. Nxf6+ Bxf6 14. e4 b6
15. O-O c5 16. Rfe1 Nc6 0-1

[Event "First Saturday FM B 09 2012"]
[Site "Budapest"]
[Date "2012.09.05"]
[Round "5.5"]
[White "Csiba, Tibor"]
[Black "Barla, Janos"]
[Result "1-0"]
[WhiteElo "1536"]
[BlackElo "1774"]
[PlyCount "102"]
[EventDate "2012.09.01"]

1. d4 Nf6 2. c4 e5 3. dxe5 Ne4 4. a3 Qe7 5. Nf3 h6 6. Nbd2 Ng5 7. b4 Ne6 8. Bb2
Nc6 9. e3 d6 10. exd6 cxd6 11. Be2 Ng5 12. O-O Bg4 13. Nd4 Bxe2 14. Qxe2 Nxd4
15. Bxd4 Ne6 16. Rfe1 Qh4 17. Nf3 Qe4 18. Rad1 Be7 19. Rd2 O-O 20. Qd3 Qg4 21.
Red1 h5 22. h3 Qg6 23. Qxg6 fxg6 24. h4 a6 25. Rc2 Rf5 26. Rdc1 Rc8 27. Bb2 Kf7
28. Rd1 Kg8 29. Nd4 Nxd4 30. Rxd4 b5 31. Re4 Bf8 32. Rc1 Rf7 33. cxb5 Rxc1+ 34.
Bxc1 axb5 35. Bb2 Rc7 36. Re8 Rc2 37. Bd4 Ra2 38. Rb8 Rxa3 39. Rxb5 Rb3 40. Rb7
Rb1+ 41. Kh2 Kh7 42. b5 g5 43. hxg5 Kg6 44. f4 d5 45. Kg3 Rb3 46. Kh4 Rb1 47.
b6 Rh1+ 48. Kg3 Rb1 49. Rd7 Rb5 50. b7 Bb4 51. Rxg7+ Kf5 1-0

[Event "First Saturday FM B 09 2012"]
[Site "Budapest"]
[Date "2012.09.07"]
[Round "6.2"]
[White "Korondi, Marton"]
[Black "Csiba, Tibor"]
[Result "1/2-1/2"]
[WhiteElo "1549"]
[BlackElo "1536"]
[PlyCount "73"]
[EventDate "2012.09.01"]

1. e4 c5 2. Nf3 e6 3. d4 cxd4 4. Nxd4 a6 5. Bd3 Nf6 6. Nc3 Qc7 7. O-O Be7 8.
Qe1 d6 9. Be3 Nbd7 10. f3 O-O 11. Kh1 b5 12. a3 Bb7 13. Qg3 Rfc8 14. Bh6 Bf8
15. Be3 d5 16. Qxc7 Rxc7 17. Rac1 e5 18. Ndxb5 axb5 19. Nxb5 Rcc8 20. exd5 Bxd5
21. Rfd1 Bc4 22. Nc3 Rab8 23. Rb1 Bxd3 24. Rxd3 Bxa3 25. bxa3 Rxb1+ 26. Nxb1
Rxc2 27. h3 h6 28. Nc3 Nh5 29. Ne4 Ndf6 30. Nxf6+ Nxf6 31. Rb3 Nd5 32. Rd3 Nxe3
33. Rxe3 Ra2 34. h4 f6 35. Kh2 h5 36. Kh3 Kh7 37. Rb3 1/2-1/2

[Event "First Saturday FM B 09 2012"]
[Site "Budapest"]
[Date "2012.09.07"]
[Round "6.3"]
[White "Lukacs, Albert"]
[Black "Benyoussef, Salem"]
[Result "1/2-1/2"]
[WhiteElo "1846"]
[BlackElo "1661"]
[PlyCount "22"]
[EventDate "2012.09.01"]

1. e4 d5 2. exd5 Qxd5 3. d4 c6 4. Nc3 Qd6 5. Bc4 Nf6 6. Nge2 Bf5 7. a3 e6 8. f3
Qc7 9. Bf4 Bd6 10. Qd2 Bxf4 11. Qxf4 e5 1/2-1/2

[Event "First Saturday FM B 09 2012"]
[Site "Budapest"]
[Date "2012.09.07"]
[Round "6.4"]
[White "Mihajlova, Diana"]
[Black "Gruz, Janos"]
[Result "*"]
[WhiteElo "1456"]
[BlackElo "1820"]
[PlyCount "96"]
[EventDate "2012.09.01"]

1. e4 d6 2. Bc4 c6 3. Nf3 Nf6 4. Nc3 e6 5. d4 Be7 6. e5 dxe5 7. Nxe5 O-O 8. Bf4
Nbd7 9. Qe2 Nb6 10. Rd1 Nbd5 11. Bd2 Bd7 12. Ne4 b5 13. Bb3 a5 14. a4 b4 15.
O-O Rc8 16. Bg5 Nxe4 17. Bxe7 Qxe7 18. Qxe4 Nf6 19. Qe1 Rfd8 20. c4 Be8 21. c5
Rc7 22. Qe2 Ra7 23. Bc2 Rd5 24. Nc4 Qd8 25. Nd6 Rxd6 26. cxd6 Qxd6 27. h3 Rb7
28. Rd3 Nd5 29. Rg3 g6 30. h4 Nf4 31. Qf3 f5 32. h5 Rg7 33. h6 Rc7 34. Re1 Bf7
35. Rg5 Kf8 36. d5 Nxd5 37. Qd3 Qf4 38. Qg3 Qd2 39. Qd6+ Ke8 40. Rxe6+ Bxe6 41.
Qxe6+ Ne7 42. Qf6 Qxc2 43. Qh8+ Kd7 44. Qxh7 Qc1+ 45. Kh2 Qxg5 46. Qg7 Qh4+ 47.
Kg1 Rc8 48. h7 Ke6 *

[Event "First Saturday FM B 09 2012"]
[Site "Budapest"]
[Date "2012.09.07"]
[Round "6.5"]
[White "Nemeth, Otto"]
[Black "Mayer, Istvan"]
[Result "0-1"]
[WhiteElo "1824"]
[BlackElo "2072"]
[PlyCount "48"]
[EventDate "2012.09.01"]

1. e4 e6 2. Nf3 d5 3. e5 c5 4. Bb5+ Nc6 5. O-O Bd7 6. Bxc6 bxc6 7. b3 f6 8. Re1
f5 9. d3 Be7 10. Nc3 g5 11. Kf1 g4 12. Ng1 h5 13. Nce2 Bg5 14. Bxg5 Qxg5 15.
Qc1 Qh4 16. Nf4 Qxh2 17. g3 h4 18. gxh4 Rxh4 19. Qe3 Ne7 20. Ng2 Rh7 21. Qxc5
f4 22. f3 Nf5 23. fxg4 Rg7 24. Nf3 Qh3 0-1

[Event "First Saturday FM B 09 2012"]
[Site "Budapest"]
[Date "2012.09.08"]
[Round "7.1"]
[White "Mayer, Istvan"]
[Black "Szabo, Miklos"]
[Result "1-0"]
[WhiteElo "2072"]
[BlackElo "1340"]
[PlyCount "31"]
[EventDate "2012.09.01"]

1. e4 e5 2. Nf3 Nc6 3. Bb5 a6 4. Ba4 Nf6 5. O-O Be7 6. d4 Nxd4 7. Nxe5 b5 8.
Qxd4 bxa4 9. Nxf7 c5 10. Qc4 Qa5 11. Nxh8 d6 12. Qf7+ Kd8 13. e5 dxe5 14. Bg5
e4 15. Bxf6 Bxf6 16. Qd5+ 1-0

[Event "First Saturday FM B 09 2012"]
[Site "Budapest"]
[Date "2012.09.08"]
[Round "7.2"]
[White "Gruz, Janos"]
[Black "Nemeth, Otto"]
[Result "1-0"]
[WhiteElo "1820"]
[BlackElo "1824"]
[PlyCount "75"]
[EventDate "2012.09.01"]

1. Nf3 g6 2. e3 Bg7 3. Be2 Nc6 4. d4 d5 5. O-O e6 6. Nbd2 Nge7 7. Re1 a5 8. b3
O-O 9. Bb2 Bd7 10. c4 b6 11. a3 f5 12. Qc2 h6 13. cxd5 exd5 14. Rac1 Rc8 15.
Red1 g5 16. Ne5 Nxe5 17. dxe5 Ng6 18. Nc4 Qe7 19. Rxd5 Be6 20. Rdd1 Qf7 21. Bh5
a4 22. b4 b5 23. Nd2 Rfd8 24. Qb1 Rd5 25. Nf3 Kh7 26. Rxd5 Bxd5 27. Nd4 Be4 28.
Qa1 c6 29. Nxb5 Qb3 30. Nd6 Rc7 31. Nxe4 fxe4 32. Qb1 Qd3 33. Qxd3 exd3 34.
Bxg6+ Kxg6 35. Kf1 g4 36. Rc5 Bf8 37. Rc4 h5 38. Rf4 1-0

[Event "First Saturday FM B 09 2012"]
[Site "Budapest"]
[Date "2012.09.08"]
[Round "7.3"]
[White "Benyoussef, Salem"]
[Black "Mihajlova, Diana"]
[Result "0-1"]
[WhiteElo "1661"]
[BlackElo "1456"]
[PlyCount "39"]
[EventDate "2012.09.01"]

1. d4 Nf6 2. c4 e5 3. e3 Ne4 4. Bd3 Bb4+ 5. Bd2 Nxd2 6. Nxd2 exd4 7. exd4 Nc6
8. Ngf3 d5 9. c5 Bg4 10. Qe2+ Kd7 11. O-O Re8 12. Qd1 Bxd2 13. Qxd2 Bxf3 14.
Bf5+ Ke7 15. gxf3 Kf8 16. Qf4 Qf6 17. Qg4 Nxd4 18. Bd3 Nxf3+ 19. Kh1 Ne5 20.
Qg3 0-1

[Event "First Saturday FM B 09 2012"]
[Site "Budapest"]
[Date "2012.09.08"]
[Round "7.4"]
[White "Csiba, Tibor"]
[Black "Lukacs, Albert"]
[Result "1/2-1/2"]
[WhiteElo "1536"]
[BlackElo "1846"]
[PlyCount "50"]
[EventDate "2012.09.01"]

1. d4 Nf6 2. c4 d6 3. Nc3 g6 4. e4 Bg7 5. f3 Nbd7 6. Bg5 c6 7. Qd2 h6 8. Be3
Qa5 9. Bd3 a6 10. a3 c5 11. Nge2 Rb8 12. O-O cxd4 13. Nxd4 Ne5 14. Be2 Bd7 15.
b4 Qc7 16. Nd5 Qd8 17. Rac1 g5 18. Bf2 O-O 19. Nxf6+ Bxf6 20. Nf5 Bxf5 21. exf5
Qd7 22. g4 Qa4 23. Qa2 Qc6 24. Qb3 Rbc8 25. Rfd1 Nd7 1/2-1/2

[Event "First Saturday FM B 09 2012"]
[Site "Budapest"]
[Date "2012.09.08"]
[Round "7.5"]
[White "Barla, Janos"]
[Black "Korondi, Marton"]
[Result "1-0"]
[WhiteElo "1774"]
[BlackElo "1549"]
[PlyCount "81"]
[EventDate "2012.09.01"]

1. e4 c5 2. f4 e6 3. Nf3 Nc6 4. c3 a6 5. d3 Qc7 6. Be2 Nge7 7. O-O d5 8. e5 Bd7
9. a4 Rd8 10. Qe1 Ng6 11. Kh1 Be7 12. h4 h5 13. Na3 d4 14. c4 Nb8 15. Nc2 Bc6
16. Ng5 Bxg5 17. hxg5 Bd7 18. b4 b6 19. Bd2 Qb7 20. Bf3 Qc8 21. bxc5 bxc5 22.
Be4 h4 23. Ba5 h3 24. g3 h2 25. Bxd8 Kxd8 26. Qa5+ Ke8 27. Rab1 Bc6 28. Qe1
Bxa4 29. Qe2 Bc6 30. Qf3 Ne7 31. Rxb8 Qxb8 32. Bxc6+ Kf8 33. Be4 g6 34. Ne1 Qa7
35. Qg2 a5 36. Nf3 a4 37. Nh4 a3 38. Ra1 Kg7 39. Kxh2 Rb8 40. Ra2 Nc8 41. g4
1-0

[Event "First Saturday FM B 09 2012"]
[Site "Budapest"]
[Date "2012.09.09"]
[Round "8.1"]
[White "Szabo, Miklos"]
[Black "Korondi, Marton"]
[Result "1-0"]
[WhiteElo "1340"]
[BlackElo "1549"]
[PlyCount "53"]
[EventDate "2012.09.01"]

1. e4 c5 2. Nf3 e6 3. Nc3 a6 4. g3 Nc6 5. Bg2 Qc7 6. O-O Be7 7. d3 d6 8. Be3
Nf6 9. Qe2 Bd7 10. h3 h5 11. Ng5 Nb4 12. a3 Nc6 13. f4 Rf8 14. Bf2 O-O-O 15.
Nf3 Be8 16. Rfb1 d5 17. e5 Nd7 18. Qe1 Nb6 19. Na2 Rg8 20. b4 c4 21. Nc3 Na7
22. dxc4 dxc4 23. Qe3 Na4 24. Nxa4 Bxa4 25. Qxa7 Bxc2 26. Rc1 Bd3 27. Bb6 1-0